Options, Futures And Other Derivatives (Record no. 323055)

MARC details
000 -LEADER
fixed length control field 00462nam a2200169Ia 4500
008 - FIXED-LENGTH DATA ELEMENTS--GENERAL INFORMATION
fixed length control field 230718s9999 xx 000 0 und d
041 ## - LANGUAGE CODE
Language code of text/sound track or separate title eng
082 ## - DEWEY DECIMAL CLASSIFICATION NUMBER
Classification number 332.64'5
Item number HUL
100 ## - MAIN ENTRY--PERSONAL NAME
Personal name Hull J.C.
245 ## - TITLE STATEMENT
Title Options, Futures And Other Derivatives
250 ## - EDITION STATEMENT
Edition statement 7th ed.
260 ## - PUBLICATION, DISTRIBUTION, ETC. (IMPRINT)
Date of publication, distribution, etc. 2010
Name of publisher, distributor, etc. Pearson Education
300 ## - PHYSICAL DESCRIPTION
Extent 841
365 ## - TRADE PRICE
Currency code Rs.
Price amount 499.00
700 ## - ADDED ENTRY--PERSONAL NAME
Personal name Hull J.C. & Basu S.
9 (RLIN) 111858
906 ## - LOCAL DATA ELEMENT F, LDF (RLIN)
d O:0037905-Nov-2009B:172928-Sep-2009
c GENRL
b 99.8
Holdings
Withdrawn status Lost status Damaged status Not for loan Home library Current library Date acquired Vendor Budget Code Cost, normal purchase price Bill number Total Checkouts Full call number Barcode Date last seen Date last checked out Discount Cost, replacement price Bill Date Koha item type Original Barcode
        Cummins College of Engineering for Women Pune Cummins College of Engineering for Women Pune 05/11/2009 Pradeep Book Distributors GENRL 399.20 1729 1 332.64'5 CCEP-BK-34262 05/03/2024 20/02/2024 99.8 499.00 28/09/2009 Books 034262